000 00975nam a2200265 a 4500
001 000015294
005 20250909091242.0
008 100204s2001 dr a 000 0 spa d
020 _a9993424048
040 _aDO-SdBNP
_bspa
_cBNPHU
082 _a370.7
_bG491c
100 1 _aGimeno, Consuelo
_934583
245 1 4 _aLas ciencias sociales en los procesos educativos de sujetos democráticos /
_cConsuelo Gimeno ; edición Raymundo González.
260 _aSanto Domingo :
_bAECI,
_c2001.
300 _a108 p. :
_bil. ;
_c28 cm.
490 1 _aCuadernos de sociedad y educación
_vv. 13
650 4 _aCapacitación docente
_917398
650 4 _aFormación profesional de maestros
_917397
650 4 _aCiencias sociales
_xEnseñanza
_934584
650 0 _aDerechos humanos
_9658
700 _aGonzález, Raymundo
_eed.
_96373
710 2 _aAgencia Española de Cooperación Internacional
_934585
830 0 _aCuadernos de sociedad y educación
_nno. 13
_934586
049 _aBNPD
999 _c14860
_d14860